000 00977nam a22002537a 4500
003 OSt
005 20250303121008.0
008 241018b |||||||| |||| 00| 0 eng d
040 _aChap
_cChap
245 0 0 _aOxford Journals Collection
264 1 _bOxford University Press
500 _a144 journals. Colección de revistas académicas multidisciplinarias.
500 _a111 journals con factor de impacto.
505 _aHumanidades, ciencias de la vida, física y matemáticas, ciencias sociales, derecho.
650 4 _aHumanidades
_xFilosofía
_9127629
650 4 _aFísica
_941975
650 4 _aMatemáticas
_972901
650 4 _aCiencias sociales
_923213
650 4 _aDerecho
_931861
856 _uhttps://academic.oup.com/
_zACCESO RED UACh
856 _uhttps://chapingo.idm.oclc.org/login?url=https://academic.oup.com/
_zACCESO EXTERNO
856 _uhttps://academic.oup.com/pages/open-research/open-access?login=false
_zACCESO ABIERTO
942 _cITEMRECELE
999 _c220203
_d220203